Регионална библиотека "Любен Каравелов" - Русе

Съвременна техника за усилване на сигнали (Запис номер 109394)

MARC детайли
000 -Лидер
Контролно поле с фиксирана дължина 01332nam a2200313 c 4500
003 - Код на организацията, давaща контролен номер
Контролно поле BLK
005 - Дата и час на последна редакция
Контролно поле 20220525103213.0
008 - Елементи от данни с фиксирана дължина
fixed length control field 180409b bul|||||r ||||||| ||bul||
010 ## - Наследен системен номер
LC control number KNG00114710000
040 ## - Източник на каталожния запис
Идентификатор на билиотеката - собственик на записа BLK
041 ## - Код за език
Код за езика на текст/звукозапис или на отделно заглавие Български
Код за езика КДБФ Български
080 ## - УДК
Текстов определител УДК Усилватели - Лампови,полупроводникови,магнитни и др. Подразделят се чрез знак за отношение(Табл.1b). Вж и 681.583
УДК код - определител по УДК 621.375
УДК определител (02)
УДК - код + определител 621.375(02)
100 1# - Редна дума - Автор
Автор Войшвило, Георгий Валерианович
Авторска отговорност първи автор
R(LIN) 49121
139 ## - Редно поле
Редна дума Войшвило, Георгий Валерианович
Авторски знак Воини - В 80
245 10 - Сведения за заглавието
Заглавие Съвременна техника за усилване на сигнали
Подзаглавни данни [Ръководство]
Редно поле (дума) Георгий В. Войшвило; прев. от рус. Рафаел М. Рафаел.
257 ## - Страна на издаване
Страна на създаване/издаване Русия
260 ## - Област на издателските данни
Име на издателя, разпространителя и проч. Техника
Година на издаване 1980
Място на издаване, разпространение и проч. София
300 ## - Физическа характеристика
Страници 124 с.
Илюстрации и др. със сх., диагр.
Размери/Мащаб 20 см
380 ## - Жанр
Жанр Техника
490 ## - СЕРИИ (Колекции)
9 (RLIN) 203546
Име на серия Библиотека по радиоелектроника
500 ## - Общи забележки
Забележка Ориг. загл. Современная техника усиления сигналов. - 4 890 тир.
653 ## - Ключова дума – ненормативна
Ключова дума усилватели
653 ## - Ключова дума – ненормативна
Ключова дума ръководства
700 1# - Други автори (авторска отговорност)
Лично име Рафаел, Рафаел М.
Автороска отговорност (Описва отношението между автора и произведението) прев. от рус.
9 (RLIN) 289381
852 ## - Местоположение
Форматна сигнатура Цб 103728
Фондова буква Хранилище
856 4# - Електронен адрес и достъп
Електронен формат pdf - файл
856 4# - Електронен адрес и достъп
Електронен формат pdf - файл
999 ## - СИСТЕМНИ КОНТРОЛНИ НОМЕРА
Koha biblionumber 109394
Koha biblioitemnumber 109394
942 ## - АРТИКУЛИ
Вид на библиотечния материал Книги
Скрит в OPAC Не
Периодичен библиозапис Да
944 ## - СЪЗДАВАНЕ И РЕДАКЦИЯ на ЗАПИСА
Създаване/Редакция Създаване
Дата на регистрацията/редакция 15.09.2016
Служител, извършил регистрацията/редакцията Станимира_Цанева
944 ## - СЪЗДАВАНЕ И РЕДАКЦИЯ на ЗАПИСА
Създаване/Редакция Редакция
Дата на регистрацията/редакция 15.09.2016
Служител, извършил регистрацията/редакцията Станимира_Цанева
944 ## - СЪЗДАВАНЕ И РЕДАКЦИЯ на ЗАПИСА
Създаване/Редакция Редакция
Дата на регистрацията/редакция 2022-05-25
Служител, извършил регистрацията/редакцията ВП
999 ## - СИСТЕМНИ КОНТРОЛНИ НОМЕРА
Koha biblioitemnumber 109394
999 ## - СИСТЕМНИ КОНТРОЛНИ НОМЕРА
Koha biblioitemnumber 109394
Наличности
Код за отписване Код за изгубен артикул Източник на класификационната схема Код за повреда Коз за рестрикции Код за отдаване Артикулен № Име на библиотеката - собственик Име на библиотеката, в която се намира в момента Статус (Текущо местоположение) Дата на вписване в системата Местоположение - отдел Цена в лева Инвентарен номер Систематично азбучна сигнатура Баркод Номер на екземпляра Цена в евро Служебна бележка Служебен тип на артикула
  Не е изгубен Universal Decimal Classification Не е повреден без рестрикции ползва се в читалня 176118 Регионална библиотека "Любен Каравелов" Русе Регионална библиотека "Любен Каравелов" Русе Хранилище 1980-01-01 Хранилище 0.75 305149 Цб 103728 120000305149 1 0.38 N: стар фонд Дата: 01.01.1980 Книги
Изтеглен Не е изгубен Universal Decimal Classification Не е повреден без рестрикции заемане за дома 176119 Регионална библиотека "Любен Каравелов" Русе Регионална библиотека "Любен Каравелов" Русе Заемна - подръчен фонд 1980-01-01 Заемна - подръчен фонд 0.75 305958 П 62/В 80 305958 2 0.38 N: стар фонд Дата: 01.01.1980 Книги
Изтеглен Не е изгубен Universal Decimal Classification Не е повреден без рестрикции заемане за дома 176120 Регионална библиотека "Любен Каравелов" Русе Регионална библиотека "Любен Каравелов" Русе Заемна - подръчен фонд 1980-01-01 Заемна - подръчен фонд 0.75 305959 П 62/В 80 305959 3 0.38 N: стар фонд Дата: 01.01.1980 Книги
Vip Innovations Ltd, Rousse, Bulgaria 2025